01450nab a22002537a 4500999001500000003000400015005001700019008004100036040000700077100003500084245009600119260007300215300001300288500003500301505047700336505008100813650002300894650001800917650002300935650003500958700003000993773016001023942001301183 c6435d6435OSt20260203101353.0190429b xxu||||| |||| 00| 0 spa d cPJ 97062aPalandri, José María13aLa disminución de la pena en la tentativa /cJosé María Palandri, Julio E. Chiappini. cCiudad Autónoma de Buenos Aires :aThomson Reuters La Ley, b2023. ap. 43-52 aCita Online: AR/DOC/2682/2023. aSumario: I. El art. 44 del Cód. Penal.— II. Reducción de la pena ya dosificada. Jofré y Soler.— III. Reducción de la escala penal. González Roura y jurisprudencia plenaria.— IV. La versión de Fontán Balestra.— V. Reducción de la escala penal. Variante Gómez y Núñez.— VI. La interpretación de Zaffaroni.— VII. Tabla comparativa de las distintas teorías.— VIII. Nuestra opinión.— IX. Mala redacción legal y derecho comparado.  tSi te interesa el texto completo, solicitalo a koha@justierradelfuego.gov.ar 09343aDERECHO PENAL 093136aDELITOS 097063aESCALA PENAL 097064aDISMINUCIÓN DE LA PENA 96423aChiappini, Julio E.0 0265893164tRevista de derecho penal y criminología. Nº 11 - Diciembre 2023dCiudad Autónoma de Buenos Aires : Thomson Reuters La Ley, 2017-x00347914 2udccANA